Vui học, học vui
v.v...
Đã lưu trong:
| Tác giả chính: | |
|---|---|
| Định dạng: | Sách |
| Năm xuất bản: |
Đồng Nai
Nxb Đồng Nai
1998
|
| Chủ đề: | |
| Tags: |
Thêm thẻ
Không có thẻ, Hãy là người đầu tiên gắn thẻ bản ghi này!
|
| LEADER | 00686nam a2200169 4500 | ||
|---|---|---|---|
| 082 | |a 153.9 |b H450V | ||
| 100 | |a Hồ Văn Hiệp | ||
| 245 | |a Vui học, học vui |c Hồ Văn Hiệp | ||
| 260 | |a Đồng Nai |b Nxb Đồng Nai |c 1998 | ||
| 300 | |a 190 tr. |c 19 cm | ||
| 520 | |a v.v... | ||
| 653 | |a Trí tuệ | ||
| 653 | |a Thông minh | ||
| 942 | |2 ddc |c STK0 | ||
| 999 | |c 8362 |d 8362 | ||
| 952 | |0 0 |1 0 |2 ddc |4 0 |6 153_900000000000000_H450V |7 0 |8 100 |9 69910 |a qbu |b qbu |c D2 |d 2015-04-07 |g 11500 |o 153.9 H450V |p 7534.c1 |r 0000-00-00 |w 2015-04-07 |y STK0 | ||
| 952 | |0 0 |1 0 |2 ddc |4 0 |6 153_900000000000000_H450V |7 0 |8 100 |9 69911 |a qbu |b qbu |c D2 |d 2015-04-07 |g 11500 |l 4 |m 2 |o 153.9 H450V |p 7534.c2 |r 2016-09-07 |s 2016-09-01 |w 2015-04-07 |y STK0 | ||